Essentials of data communications / (Record no. 176369)
[ view plain ]
| 000 -LEADER | |
|---|---|
| fixed length control field | 01103 a2200217 4500 |
| 003 - CONTROL NUMBER IDENTIFIER | |
| control field | Nust |
| 005 - DATE AND TIME OF LATEST TRANSACTION | |
| control field | 20220729110846.0 |
| 010 ## - LIBRARY OF CONGRESS CONTROL NUMBER | |
| LC control number | 96012818 |
| 020 ## - INTERNATIONAL STANDARD BOOK NUMBER | |
| International Standard Book Number | 0805377360 |
| 040 ## - CATALOGING SOURCE | |
| Transcribing agency | Nust |
| 082 00 - DEWEY DECIMAL CLASSIFICATION NUMBER | |
| Classification number | 004.6,STA |
| 100 1# - MAIN ENTRY--PERSONAL NAME | |
| Personal name | Stamper, David A. |
| 9 (RLIN) | 74411 |
| 245 10 - TITLE STATEMENT | |
| Title | Essentials of data communications / |
| Statement of responsibility, etc. | David A. Stamper and the Saratoga Group. |
| 260 ## - PUBLICATION, DISTRIBUTION, ETC. | |
| Place of publication, distribution, etc. | Menlo Park, Calif. : |
| Name of publisher, distributor, etc. | Benjamin/Cummings, |
| Date of publication, distribution, etc. | c1997. |
| 300 ## - PHYSICAL DESCRIPTION | |
| Extent | xviii, 366 p. : |
| Other physical details | ill. ; |
| Dimensions | 25 cm. + |
| Accompanying material | 1 computer disk (3 1/2 in.) |
| 505 ## - FORMATTED CONTENTS NOTE | |
| Formatted contents note | Introduction to Data Communications (Page-1), Media and Transmission (Page-29), Introduction to Networks (Page-71), LAN Hardware, Topologies and Media Access Control (Page-89), LAN Systems Software and LAN Considerations (Page-129), WAN Hardware and Data Link Control (Page-163), WAN Systems Software and Wan Implementations (Page -191), Network Management (Page-263) Security, Network Applications, and Distributed Systems (Page-295). |
| 650 #0 - SUBJECT ADDED ENTRY--TOPICAL TERM | |
| Topical term or geographic name entry element | Computer networks. |
| 9 (RLIN) | 3677 |
| 650 #0 - SUBJECT ADDED ENTRY--TOPICAL TERM | |
| Topical term or geographic name entry element | Data transmission systems. |
| 9 (RLIN) | 17977 |
| 710 2# - ADDED ENTRY--CORPORATE NAME | |
| Corporate name or jurisdiction name as entry element | Saratoga Group. |
| 9 (RLIN) | 95757 |
| 942 ## - ADDED ENTRY ELEMENTS (KOHA) | |
| Source of classification or shelving scheme | |
| Koha item type | Book |
| Call number prefix | 004.6,STA |
| Withdrawn status | Lost status | Source of classification or shelving scheme | Damaged status | Not for loan | Permanent Location | Current Location | Shelving location | Date acquired | Full call number | Barcode | Date last seen | Price effective from | Koha item type | Public note |
|---|---|---|---|---|---|---|---|---|---|---|---|---|---|---|
| Military College of Signals (MCS) | Military College of Signals (MCS) | General Stacks | 12/12/2016 | 004.6,STA | MCS28105 | 12/08/2016 | 12/12/2016 | Book | Almirah No.3, Shelf No.1 |
